Countries of the World Quiz - Statistics

General Stats
  • This quiz has been taken 431 times
  • The average score is 113 of 197
Answers on the Map
Answers color-coded by a green-red scale on the quiz's map according to % correct below.
 
Answer Stats
Country % Correct
United States
94%
Canada
91%
Mexico
90%
United Kingdom
90%
France
89%
Russia
89%
Italy
87%
Brazil
86%
Germany
86%
Japan
86%
Spain
86%
Australia
85%
China
85%
Finland
85%
Iceland
84%
India
84%
Ireland
84%
North Korea
84%
South Korea
84%
Sweden
84%
Egypt
83%
Greece
83%
Norway
83%
Portugal
83%
Argentina
82%
Chile
82%
Denmark
82%
South Africa
82%
Poland
80%
Turkey
80%
Iran
79%
Niger
78%
Belgium
77%
Pakistan
77%
Cuba
76%
Netherlands
76%
New Zealand
76%
Iraq
75%
Switzerland
75%
Saudi Arabia
74%
Austria
73%
Nigeria
73%
Ukraine
73%
Colombia
72%
Madagascar
72%
Mongolia
72%
Morocco
72%
Thailand
72%
Afghanistan
71%
Israel
71%
Yemen
71%
Estonia
70%
Indonesia
70%
Peru
70%
Hungary
69%
Algeria
67%
Nepal
67%
Oman
67%
Sudan
67%
United Arab Emirates
67%
Vietnam
67%
Bolivia
66%
Democratic Republic of the Congo
66%
Philippines
66%
Kenya
65%
Uruguay
65%
Ethiopia
64%
Kazakhstan
64%
Panama
64%
Republic of the Congo
64%
Romania
64%
Venezuela
64%
Croatia
63%
Czech Republic
63%
Albania
62%
Chad
62%
Haiti
62%
Bangladesh
61%
Jamaica
61%
Jordan
61%
Paraguay
61%
Sri Lanka
61%
Syria
61%
Taiwan
61%
Belarus
60%
Cambodia
60%
Cyprus
60%
Dominica
60%
Ecuador
60%
Georgia
60%
Latvia
60%
Libya
60%
Lithuania
60%
Papua New Guinea
60%
Slovakia
60%
Somalia
60%
Bulgaria
58%
Costa Rica
58%
Malaysia
58%
South Sudan
58%
Dominican Republic
57%
Laos
57%
Mali
57%
Armenia
55%
Luxembourg
55%
Myanmar
55%
Qatar
55%
Slovenia
55%
Tunisia
55%
Uzbekistan
55%
Vatican City
55%
Bosnia and Herzegovina
54%
Ghana
53%
North Macedonia
53%
Turkmenistan
53%
Bahamas
52%
Serbia
52%
Zimbabwe
52%
Belize
51%
El Salvador
51%
Andorra
50%
Angola
50%
Honduras
50%
Malta
50%
Central African Republic
49%
Guatemala
49%
Moldova
49%
Bhutan
48%
Fiji
48%
Guyana
48%
Kosovo
48%
Liberia
48%
Monaco
48%
Azerbaijan
47%
Guinea
47%
Kuwait
47%
Lebanon
47%
Maldives
47%
Uganda
47%
Zambia
47%
Ivory Coast
46%
Mozambique
46%
Nicaragua
46%
Tajikistan
46%
Liechtenstein
45%
Senegal
45%
Singapore
45%
Togo
45%
Gabon
44%
Montenegro
44%
Suriname
44%
Tanzania
44%
Cameroon
43%
Lesotho
43%
Namibia
43%
Kyrgyzstan
42%
Rwanda
42%
Botswana
41%
Eritrea
40%
Benin
39%
San Marino
39%
Bahrain
38%
Barbados
38%
Djibouti
38%
Gambia
38%
Equatorial Guinea
37%
Mauritania
36%
Brunei
35%
Eswatini
35%
Federated States of Micronesia
35%
Mauritius
35%
Saint Lucia
35%
Samoa
35%
Solomon Islands
35%
Cape Verde
34%
Palestine
34%
Sierra Leone
34%
Trinidad and Tobago
34%
Antigua and Barbuda
33%
Burkina Faso
33%
Malawi
33%
Seychelles
33%
Tonga
33%
Burundi
32%
Saint Kitts and Nevis
32%
East Timor
31%
Grenada
31%
Guinea-Bissau
31%
Marshall Islands
31%
Tuvalu
30%
Vanuatu
30%
Kiribati
28%
Palau
28%
Saint Vincent and the Grenadines
28%
Nauru
27%
São Tomé and Príncipe
27%
Comoros
25%
No matching quizzes found
Score Distribution
Percent of People with Each Score
Percentile by Number Answered
Your Score History
You have not taken this quiz